000 00537nam a2200217Ia 4500
003 OSt
005 20220923230122.0
006 a|||||r|||| 00| 0
007 ta
008 Pun
024 _a277,527
037 _cTextual
040 _aARTS
_cARTS
_bPun
041 _2Pun
_aPun
082 _aO153,3NHA,SU, L5
245 0 _aਸਲੀਬ ਉਤੇ ਟੰਗੀਆ ਮਨੁੱਖ
260 _c1975
650 _aਪੰਜਾਬੀ ਸਾਹਿਤ
942 _hO153,3NHA,SU, L5
_cTEXL
_2CC
999 _c382579
_d382579